| 000 | 00459ntaaa2200181 4500 | ||
|---|---|---|---|
| 003 | 01 | ||
| 005 | 20251027201752.0 | ||
| 008 | 0714s1973 ag 01 | ||
| 040 |
_aAR-BaBN _bspa _cAR-BaBN _eaacr _dRIC |
||
| 082 | _a240.0000 Sm5 | ||
| 100 |
_aSmith, Hannah Whitall _914863 |
||
| 245 | _aDios de toda consolación | ||
| 250 | _a1 ed. | ||
| 260 |
_aEl Paso : _bCasa Bautista de Publicaciones, _cc1963 |
||
| 300 | _a69 p | ||
| 650 | _avida cristiana | ||
| 942 | _cBK | ||
| 999 |
_c12349 _d12349 |
||